El cambio social en Colombia : (Registro nro. 3393)
[ vista simple ]
| 000 -LEADER | |
|---|---|
| fixed length control field | 01372nam a2200265Ia 4500 |
| 003 - CONTROL NUMBER IDENTIFIER | |
| control field | OSt |
| 005 - DATE AND TIME OF LATEST TRANSACTION | |
| control field | 20200415124555.0 |
| 008 - FIXED-LENGTH DATA ELEMENTS--GENERAL INFORMATION | |
| fixed length control field | 191128s1963 ck gr 000 0 spa d |
| 040 ## - CATALOGING SOURCE | |
| Original cataloging agency | CO-JMCR |
| Transcribing agency | CO-JMCR |
| 041 0# - LANGUAGE CODE | |
| Language code of text/sound track or separate title | spa |
| 082 04 - DEWEY DECIMAL CLASSIFICATION NUMBER | |
| Classification number | 303.4 / |
| Item number | H143c |
| 100 1# - MAIN ENTRY--PERSONAL NAME | |
| Personal name | Hagen, Everett Einar, |
| Relator term | autor |
| 9 (RLIN) | 3043 |
| 245 13 - TITLE STATEMENT | |
| Title | El cambio social en Colombia : |
| Remainder of title | el factor humano en el desarrollo económico / |
| Statement of responsibility, etc. | Everett E. Hagen ; traducción y examen preliminar Jorge Velez Garcia |
| 260 ## - PUBLICATION, DISTRIBUTION, ETC. | |
| Place of publication, distribution, etc. | Bogotá : |
| Name of publisher, distributor, etc. | Tercer Mundo, impresión, |
| Date of publication, distribution, etc. | 1963 |
| 300 ## - PHYSICAL DESCRIPTION | |
| Extent | 108 páginas ; |
| Dimensions | 19 cm. |
| 490 0# - SERIES STATEMENT | |
| Series statement | Controversia ; |
| Volume/sequential designation | 1 |
| 505 ## - FORMATTED CONTENTS NOTE | |
| Formatted contents note | El cambio social en Colombia -- El marco -- El cambio económico -- ¿Por qué empezó el crecimiento -- ¿Por qué los antioqueños? -- La necesidad de agresión en Colombia -- Ancestro vasco entre los empresarios antioqueños |
| 520 ## - SUMMARY, ETC. | |
| Summary, etc. | La visión de Ecerett E. Hagen sobre el cambio en Colombia tiene un doble mérito: la agilidad y el acierto. Su metodología se caracteriza por una sorprendente habilidad en la selección de las coyunturas. Con la deliberada y necesaria alineación. |
| 534 ## - ORIGINAL VERSION NOTE | |
| Introductory phrase | The transition in Colombia |
| 546 ## - LANGUAGE NOTE | |
| Language note | Traducido del inglés |
| 650 14 - SUBJECT ADDED ENTRY--TOPICAL TERM | |
| Topical term or geographic name entry element | Desarrollo económico |
| Geographic subdivision | Colombia |
| 9 (RLIN) | 3044 |
| 650 24 - SUBJECT ADDED ENTRY--TOPICAL TERM | |
| Topical term or geographic name entry element | Condiciones económicas |
| Geographic subdivision | Colombia |
| 9 (RLIN) | 3045 |
| 700 1# - ADDED ENTRY--PERSONAL NAME | |
| Personal name | Velez Garcia, Jorge, |
| Relator term | traductor |
| 9 (RLIN) | 3046 |
| 942 ## - ADDED ENTRY ELEMENTS (KOHA) | |
| Source of classification or shelving scheme | Dewey Decimal Classification |
| Koha item type | Books |
| Withdrawn status | Lost status | Source of classification or shelving scheme | Materials specified (bound volume or other part) | Damaged status | Not for loan | Home library | Current library | Shelving location | Date acquired | Source of acquisition | Cost, normal purchase price | Total Checkouts | Full call number | Barcode | Date last seen | Copy number | Price effective from | Koha item type | Public note |
|---|---|---|---|---|---|---|---|---|---|---|---|---|---|---|---|---|---|---|---|
| Dewey Decimal Classification | Donación--11/04/2018-- | Biblioteca Pública José María del Castillo y Rada | Biblioteca Pública José María del Castillo y Rada | General Stacks | 11/28/2019 | Donación | 0.00 | 303.4 / H143c | 201807258 | 05/16/2024 | Ej.1 | 11/28/2019 | Books | Dedicatoria con rúbrica marzo 10/64. |